El género y la reforma del sector salud /

Uloženo v:
Podrobná bibliografie
Hlavní autor: Standing, Hilary (autor)
Další autoři: Alleyne, George A.O. (prólogo) (prólogo)
Médium: Kniha
Jazyk:španělština
Vydáno: Washington, EUA : Cambridge, EUA : OPS ; Harvard Center for Population and Development Studies, 2000, c2000
Edice:(Publicación Ocasional ; 3)
(Género y Equidad en la Salud)
Témata:
Tagy: Přidat tag
Žádné tagy, Buďte první, kdo vytvoří štítek k tomuto záznamu!

MARC

LEADER 00000nam^a2200000^a^4500
001 000161976
005 20250521000000.0
009 20260310100816.014
037 |a Acervo ITESO - Biblioteca 
041 |a ESP 
082 |a 614.  |b GEN. V. 3 
100 |a Standing, Hilary  |e (autor) 
240 1 1 |a [Género y Equidad en la Salud] 
245 1 3 |a El género y la reforma del sector salud /  |c H. Standing ; pról. de G.A.O. Alleyne. 
264 4 |a Washington, EUA :  |b OPS ;  |a Cambridge, EUA :  |b Harvard Center for Population and Development Studies,  |c 2000, c2000 
300 |a V, 28 p. 
336 |a texto  |b txt  |2 rdacontenido 
337 |a sin mediación  |b n  |2 rdamedio 
338 |a volumen  |b nc  |2 rdasoporte 
440 1 |a (Publicación Ocasional ;  |v 3) 
440 1 |a (Género y Equidad en la Salud) 
649 |a XX 
650 |a Género 
650 |a Igualdad y Desigualdad 
650 |a Servicios Médicos y de Salud -  |x Administración 
650 |a Reforma Administrativa 
650 |a Administración Pública 
650 |a Política y Salud Pública 
650 |a Salud Pública 
700 |a Alleyne, George A.O.  |e (prólogo) 
910 |a Fondo General 
920 |a Impresos - Libros 
930 |a Colección General 
905 |a 101 
901 |a 0500094558  |b IT1  |c ACC  |u 20250521 
902 |a https://opac.biblio.iteso.mx/vufind/Record/000161976